000 00534nam a22001817a 4500
005 20251108164154.0
008 250721s1996 xx 000 0 ara d
082 1 4 _a301,412/اما
100 1 _aإمام، إمام عبد الفتاح
245 1 0 _aالفلسيوف المسيحي و المرأة /
264 1 _aالقاهرة :
_bمكتبة مدبولي،
_c1996.
300 _a189ص
650 1 7 _aالمرأة
650 1 7 _aالفلسفة
650 1 7 _aالمسيحية الفلاسفة
942 _2ddc
_cBK
999 _c5453
_d5453